书目信息 |
| 题名: |
中华人民共和国水利行业标准 水轮机模型浑水验收试验规程
|
|
| 作者: | 中华人民共和国水利部 发布 | |
| 分册: | ||
| 出版信息: | 北京 中国水利水电出版社 2009.04 |
|
| 页数: | 39页 | |
| 开本: | 20cm | |
| 丛书名: | ||
| 单 册: | ||
| 中图分类: | TV-65 | |
| 科图分类: | ||
| 主题词: | 水利工程 | |
| 电子资源: | ||
| ISBN: | ||
| 000 | 00945nam0 2200241 450 | |
| 001 | 1038630250 | |
| 005 | 20100813112334.18 | |
| 010 | @dCNY18.00 | |
| 094 | @aCN@bSL 142-2008替代SL 142-97 | |
| 100 | @a20100515d2009 km y0chiy0120 ea | |
| 101 | 0 | @achi |
| 102 | @aCN@b110000 | |
| 105 | @aa z 000yy | |
| 200 | 1 | @a中华人民共和国水利行业标准 水轮机模型浑水验收试验规程@Azhong hua ren min gong he guo shui li hang ye biao zhun shui lun ji mo xing hun shui yan shou shi yan gui cheng@f中华人民共和国水利部发布@Fzhong hua ren min gong he guo shui li bu fa bu |
| 210 | @a北京@c中国水利水电出版社@d2009.04 | |
| 215 | @a39页@c图@d20cm | |
| 300 | @a2008-11-10发布 2009-02-10实施 | |
| 330 | @a水轮机模型浑水验收试验主要包括能量特性、空化特性、磨损特性和其他试验。 | |
| 606 | 0 | @a水利工程 |
| 690 | @aTV-65@v4 | |
| 701 | 0 | @a中华人民共和国水利部@Azhong hua ren min gong he guo shui li bu@4发布 |
| 801 | 0 | @aCN@c20100515 |
| 905 | @dTV-65@eZ672@f5 | |
| 中华人民共和国水利行业标准 水轮机模型浑水验收试验规程/中华人民共和国水利部发布.-北京:中国水利水电出版社,2009.04 |
| 39页:图;20cm |
| 2008-11-10发布 2009-02-10实施 |
| ISBN :CNY18.00 |
| 水轮机模型浑水验收试验主要包括能量特性、空化特性、磨损特性和其他试验。 |
| ● |
| 相关链接 |
|
|
|
正题名:中华人民共和国水利行业标准 水轮机模型浑
索取号:TV-65/Z672
 
预约/预借
| 序号 | 登录号 | 条形码 | 馆藏地/架位号 | 状态 | 备注 |
| 1 | 1027992 | 210279928 | 自科库501/501自科库 47排3列2层/ [索取号:TV-65/Z672] | 在馆 | |
| 2 | 1027993 | 210279937 | 自科库501/501自科库 47排3列2层/ [索取号:TV-65/Z672] | 在馆 | |
| 3 | 1027994 | 210279946 | 自科库501/501自科库 47排3列2层/ [索取号:TV-65/Z672] | 在馆 | |
| 4 | 1027995 | 210279955 | 自科库501/501自科库 47排3列2层/ [索取号:TV-65/Z672] | 在馆 | |
| 5 | 1027996 | 210279964 | 自科库501/501自科库 47排3列2层/ [索取号:TV-65/Z672] | 在馆 |